• 首页
  • 本馆介绍
  • 公告通知
  • 最新文献
  • 馆藏检索
  • 电子资源
  • 读者导购
  • 参考咨询
  • 我的图书馆
  • 登录
  • 详细信息显示
  • 放入我的书架
  • 预约/预借图书
  • 作者相关作品
  • 分类相关作品
  • 丛书相关作品
  • 出版社相关作品

书目信息

  • 表格格式
  • 工作单格式
  • 卡片格式
题名:
隐形杀手
    
 
作者: 莫里斯·卢布朗 著 ;陈爱义 译
分册:  
出版信息: 北京   金城出版社  2020.01
页数: 490页
开本: 32开
丛书名: 亚森·罗宾探案全集(4)
单 册:
中图分类: I565.44
科图分类:
主题词: 文学
电子资源:
ISBN: 7-80084-315-7
000 00696nam0 2200229 45
001 0206260986
005 20020626093423.3
010    @a7-80084-315-7@d20.00元
100    @a20020626d km y0chiy0120 ea
101 0  @achi
105    @a z 000yy
200 1  @a隐形杀手@AYin Xing Sha Shou@f(法)莫里斯·卢布朗著@F(Fa)Mo Li Si·Lu Bu Lang Zhu@g陈爱义等译
210    @a北京@c金城出版社@d2020.01
215    @a490页@d32开
225    @a亚森·罗宾探案全集(4)
410    @12001 @a亚森·罗宾探案全集(4)
606 0  @a文学
690    @aI565.44@v3
701  0 @a莫里斯·卢布朗@4著
702  0 @a陈爱义@AChen Ai Yi@4译
801    @aCN@bPftUser@c20020626
905    @aBZT@b341685-689@dI565.44@e1@f5
    
    隐形杀手/(法)莫里斯·卢布朗著/陈爱义等译.-北京:金城出版社,2020.01
    490页;32开.-(亚森·罗宾探案全集(4))
    
    
    ISBN 7-80084-315-7:20.00元
    
●
相关链接 在五车中查询图书 在当当中查询图书 在豆瓣中查询图书


正题名:隐形杀手     索取号:I565.44/1         预约/预借

序号 登录号 条形码 馆藏地/架位号 状态 备注
1 341685   201403105   中心书库中库/打包BH0158/ [索取号:I565.44/1] 在馆    
2 341687   201403150   中心书库中库/打包BH0158/ [索取号:I565.44/1] 在馆    
3 341688   201403132   中心书库中库/打包BH0158/ [索取号:I565.44/1] 在馆    
4 341689   201403141   中心书库中库/打包BH0158/ [索取号:I565.44/1] 在馆    
山东省滨州职业学院图书馆 欢迎您!
大连网信软件有限公司© 版权所有